The Roman empire : (Record no. 6182)

MARC details
000 -LEADER
fixed length control field 01167nam a22002417a 4500
001 - CONTROL NUMBER
control field 6182
003 - CONTROL NUMBER IDENTIFIER
control field FISKH
005 - DATE AND TIME OF LATEST TRANSACTION
control field 20250324162553.0
008 - FIXED-LENGTH DATA ELEMENTS--GENERAL INFORMATION
fixed length control field 250324b cb ||||| |||| 00| 0 eng d
020 ## - INTERNATIONAL STANDARD BOOK NUMBER
International Standard Book Number 9780340846858
040 ## - CATALOGING SOURCE
Original cataloging agency FISKH
Language of cataloging eng
Transcribing agency FISKH
Modifying agency FISKH
050 ## - LIBRARY OF CONGRESS CALL NUMBER
Classification number PZ7
082 ## - DEWEY DECIMAL CLASSIFICATION NUMBER
Classification number 937
100 ## - MAIN ENTRY--PERSONAL NAME
Personal name Hodgson, Chris
245 ## - TITLE STATEMENT
Title The Roman empire :
Remainder of title Hodder history /
Statement of responsibility, etc. By Chris Hodgson
250 ## - EDITION STATEMENT
Edition statement First published 2002
260 ## - PUBLICATION, DISTRIBUTION, ETC.
Place of publication, distribution, etc. London :
Name of publisher, distributor, etc. Hodder Education ;
Date of publication, distribution, etc. 2002.
300 ## - PHYSICAL DESCRIPTION
Extent 46 pages :
Other physical details color illustrations, maps ;
Dimensions 28 cm .
520 ## - SUMMARY, ETC.
Summary, etc. Hodder History helps you teach history the way you want to teach it. The Roman peoples, their world, their issues and the events that defined their times are the focus topics of this new text. The Roman Empire is an essential and unique resource for teaching and learning about the issues and events that characterise the history of the Roman peoples and their world. It never lets go of the period's story, providing innovative and exciting opportunities to examine the big picture and Investigate particular topics.
650 ## - SUBJECT ADDED ENTRY--TOPICAL TERM
Topical term or geographic name entry element Roman Empire
Form subdivision Non-fiction
942 ## - ADDED ENTRY ELEMENTS (KOHA)
Source of classification or shelving scheme Dewey Decimal Classification
Koha item type Books
Suppress in OPAC No
Holdings
Withdrawn status Lost status Source of classification or shelving scheme Damaged status Not for loan Collection Home library Current library Shelving location Date acquired Total Checkouts Full call number Barcode Date last seen Price effective from Koha item type
    Dewey Decimal Classification     Non-Fiction Footprints International School Library Network Toul Tom Poung Campus Footprints International School Library Network Toul Tom Poung Campus TTP Secondary Non-Fiction Bookshelves 03/24/2025   HOD PZ7 937 FISSE03165 03/24/2025 03/24/2025 Books